Statistics for Other Broadway Songs #1

Click here to take the quiz!

General Stats

  • This quiz has been taken 26 times
  • The average score is 8 of 15

Answer Stats

HintAnswer% Correct
To Break in a GloveDear Evan Hansen
83%
We KnowHamilton
83%
SomewhereWest Side Story
78%
Something BadWicked
74%
Walking In SpaceHair
65%
(Your'e) Timeless To MeHairspray
65%
What You OwnRent
65%
Dog Eats DogsLes Miserables
48%
A Little Bit Of GoodChicago
35%
High Flying, AdoredEvita
35%
My Time Of DayGuys And Dolls
30%
Cock-Eyed OptimistSouth Pacific
26%
WaitSweeney Todd
26%
Roller Skate RagFunny Girl
22%
PleaseMiss Saigon
17%

Score Distribution

Percentile by Number Answered

Percent of People with Each Score

Your Score History

You have not taken this quiz